[Event "IIFL Wealth  4th Mumbai Junior U-13"]
[Site "Mumbai"]
[Date "2019.01.01"]
[Round "3"]
[White "Shah Viha"]
[Black "Potawad Anirudhha"]
[Result "0-1"]
[WhiteElo "1212"]
[BlackElo "1849"]
[Annotator "NA RC"]
[PlyCount "112"]
[EventDate "2018.12.30"]
[EventType "swiss"]
[EventCountry "IND"]
[SourceTitle "playchess.com"]
[Source "ChessBase"]
[SourceQuality "1"]
[TimeControl "40/5400+30:1800+30"]

{[%evp 20,104,24,0,32767,32767,32767,0,0,-9,32767,32767,88,71,67,62,66,62,76,32767,32767,32767,32767,32767,32767,0,0,-42,32767,32767,32767,32767,32767,32767,-57,32767,32767,32767,-134,-124,32767,32767,32767,32767,-93,-98,-62,-49,-34,-47,-23,-118,-108,-96,-43,-105,-67,-75,-54,-97,-78,-90,-70,-205,-206,-226,-224,-260,-280,-277,-349,-389,-422,-386,-391,-718,-787,32767,32767,32767,32767,32767,32767,32767,32767,32767,-5110]} 1. e4 e5 2. Nf3 Nc6 3. Bb5 Nf6 4. O-O Nxe4 5. d4 Nd6 6. Bxc6 dxc6 7. dxe5 Nf5 8. Qxd8+ Kxd8 {[%emt 0:03:13]} 9. Rd1+ {[%emt 0:03:48]} Ke8 {[%emt 0:00:57]} 10. Nc3 {[%emt 0:01:57]} h6 {[%emt 0:06:44] LiveBook: 154 Games} 11. a3 {[%emt 0:01:50] C67: Ruy Lopez: Berlin Defence: 4 0-0 Nxe4} (11. h3 Be6 12. g4 Ne7 13. Nd4 Rd8 14. Bf4 Nd5 15. Nxe6 fxe6 16. Ne2 Bc5 17. Kg2 Kf7 18. Bd2 b5 19. c3 {0-1 (46) Dominguez Perez,L (2726)-Radjabov,T (2734) Beijing 2014}) 11... Be6 {[%emt 0:02:07]} 12. b3 {[%emt 0:02:38]} Be7 $146 {[%emt 0:04:23]} ({Predecessor:} 12... Rd8 13. Bb2 g5 14. Ne4 b6 15. Nf6+ Ke7 16. c4 Nh4 17. Nd4 Bd7 18. Nxd7 Rxd7 19. Nxc6+ {1-0 (68) Stepanyan,E (1454)-Melenchuk,O Loo 2014}) 13. Bb2 {[%emt 0:01:54]} a6 {[%emt 0:05:56]} 14. Rd3 {[%emt 0:01:33]} Kf8 {[%emt 0:15:14]} 15. Ne2 {[%emt 0:02:01]} Bc5 {[%emt 0:09:30]} (15... h5 $11 {remains equal.}) 16. Nf4 Ke8 17. Nxe6 fxe6 18. Rad1 Rf8 19. Rd7 Bd6 20. exd6 Kxd7 21. Ne5+ Ke8 22. d7+ Kd8 23. Ng6 Rg8 24. Nf4 {[%emt 0:29:14]} Nd6 {[%emt 0:28:32]} 25. Nxe6+ {[%emt 0:01:07]} Kxd7 {[%emt 0:00:08]} 26. Nxg7 {[%emt 0:01:25]} Raf8 27. c4 c5 28. Rd5 b6 29. f3 Rf7 30. Nh5 Rg6 31. Ng3 Rg5 32. Rd1 Ke8 33. Kf2 b5 34. cxb5 axb5 35. Re1+ (35. Bc1 $11 {remains equal.}) 35... Kd7 36. Bc1 Rg6 (36... Rd5 $17 37. Bxh6 Rh7) 37. Rd1 ({White should try} 37. Re5 $1 $15) 37... c4 38. bxc4 bxc4 39. Ne4 {[%emt 0:24:48]} Kc6 40. Nc3 Nb5 41. Nxb5 ({White should play} 41. Ne2 $15) 41... Kxb5 {[%emt 0:32:23]} 42. Rd5+ {[%emt 0:05:50]} Ka4 {[%emt 0:00:53]} 43. Rd4 {[%emt 0:00:43]} Kb3 {[%emt 0:00:11]} 44. g3 {[%emt 0:00:59]} c3 {[%emt 0:01:23]} 45. Rb4+ {[%emt 0:00:34]} Kc2 {[%emt 0:00:53]} 46. Be3 {[%emt 0:00:19]} Rc6 {[%emt 0:02:56]} 47. Ke2 $2 {[%emt 0:00:20]} (47. Rb5) 47... Re7 {[%emt 0:00:38]} 48. Kf2 {[%emt 0:00:37]} Rce6 {[%emt 0:00:18]} 49. Re4 {[%emt 0:00:31]} Rxe4 {[%emt 0:00:13]} 50. fxe4 {[%emt 0:00:07]} Rxe4 {[%emt 0:01:10]} 51. Bxh6 {[%emt 0:00:19]} Kd1 {[%emt 0:00:08]} 52. Kf3 {[%emt 0:00:28]} Re2 $19 {[%emt 0:00:31]} 53. a4 {[%emt 0:00:18]} Rxh2 {[%emt 0:00:38]} 54. Bf4 {[%emt 0:00:14]} c2 {[%emt 0:00:07]} 55. a5 {[%emt 0:00:13]} Rd2 {[%emt 0:00:12]} 56. Bxd2 {[%emt 0:00:35]} Kxd2 {[%emt 0:00:02]} 0-1

[Event "IIFL Wealth  4th Mumbai Junior U-13"]
[Site "Mumbai"]
[Date "2019.01.01"]
[Round "3"]
[White "Sathi Akshaj Mayank"]
[Black "Mahajan Ayush"]
[Result "0-1"]
[WhiteElo "1194"]
[BlackElo "1629"]
[Annotator "NA RC"]
[PlyCount "58"]
[EventDate "2018.12.30"]
[EventType "swiss"]
[EventCountry "IND"]
[SourceTitle "playchess.com"]
[Source "ChessBase"]
[SourceQuality "1"]
[TimeControl "40/5400+30:1800+30"]

1. e4 {[%emt 0:00:00]} e5 {[%emt 0:00:15]} 2. Nf3 {[%emt 0:00:00]} Nc6 {[%emt 0:00:19]} 3. d4 {[%emt 0:00:00]} exd4 {[%emt 0:00:55]} 4. Bc4 {[%emt 0:00:01]} Bc5 {[%emt 0:11:54]} 5. c3 {[%emt 0:00:11]} Nf6 {[%emt 0:03:47]} 6. cxd4 {[%emt 0:02:22]} Bb4+ {[%emt 0:00:14]} 7. Bd2 {[%emt 0:00:13]} Bxd2+ {[%emt 0:00:10]} 8. Nbxd2 d5 {[%emt 0:00:15]} 9. exd5 {[%emt 0:01:49]} Nxd5 {[%emt 0:00:13]} 10. O-O {[%emt 0:00:40]} O-O {[%emt 0:00:31]} 11. h3 {[%emt 0:02:36]} Bf5 {[%emt 0:11:55]} 12. Nb3 {[%emt 0:11:31]} Re8 {[%emt 0:11:05]} 13. Nc5 {[%emt 0:02:08]} Rb8 {[%emt 0:08:59]} 14. Qb3 {[%emt 0:08:54]} Na5 {[%emt 0:00:57]} 15. Qa4 {[%emt 0:02:30]} Nxc4 {[%emt 0:11:27]} 16. Qxc4 {[%emt 0:00:13]} b6 {[%emt 0:02:39]} 17. Na6 {[%emt 0:04:15]} b5 {[%emt 0:00:44]} 18. Qc5 {[%emt 0:03:43]} Rb6 19. Nxc7 {[%emt 0:01:15]} Qxc7 {[%emt 0:09:47]} 20. Qxd5 {[%emt 0:00:12]} Be4 {[%emt 0:05:17]} 21. Qb3 {[%emt 0:02:20]} Rg6 {[%emt 0:06:52]} 22. Qxb5 {[%emt 0:01:02]} Rb8 {[%emt 0:00:39]} 23. Qe2 {[%emt 0:00:34]} Qf4 {[%emt 0:02:10]} 24. Kh1 {[%emt 0:02:47]} Rxb2 {[%emt 0:04:33]} 25. Qxb2 {[%emt 0:04:57]} Bxf3 {[%emt 0:00:10]} 26. Rg1 {[%emt 0:01:18]} Rh6 {[%emt 0:00:20]} 27. gxf3 {[%emt 0:04:16]} Qxf3+ {[%emt 0:00:25]} 28. Rg2 {[%emt 0:00:05]} Qxh3+ {[%emt 0:00:06]} 29. Kg1 {[%emt 0:00:09]} Qh1# {[%emt 0:00:03]} 0-1

[Event "IIFL Wealth  4th Mumbai Junior U-13"]
[Site "Mumbai"]
[Date "2019.01.01"]
[Round "3"]
[White "Kadam Laksh"]
[Black "Vedant Nitin vekhande"]
[Result "0-1"]
[WhiteElo "1182"]
[BlackElo "1564"]
[Annotator "NA RC"]
[PlyCount "48"]
[EventDate "2018.12.30"]
[EventType "swiss"]
[EventCountry "IND"]
[SourceTitle "playchess.com"]
[Source "ChessBase"]
[SourceQuality "1"]
[TimeControl "40/5400+30:1800+30"]

1. e4 {[%emt 0:00:00]} c5 {[%emt 0:00:00]} 2. Nc3 {[%emt 0:00:00]} g6 {[%emt 0:00:00]} 3. f4 {[%emt 0:00:02]} Bg7 {[%emt 0:00:00]} 4. Nf3 {[%emt 0:00:13]} Nc6 {[%emt 0:00:00]} 5. Bc4 {[%emt 0:00:25]} e6 {[%emt 0:00:21]} 6. O-O {[%emt 0:00:55]} Nge7 {[%emt 0:00:10]} 7. d3 {[%emt 0:01:20]} O-O {[%emt 0:00:07]} 8. Qe1 {[%emt 0:01:00]} Nd4 {[%emt 0:01:47]} 9. Bb3 {[%emt 0:25:17]} Nec6 {[%emt 0:00:43]} 10. Qg3 {[%emt 0:01:47]} Nxf3+ {[%emt 0:02:17]} 11. Qxf3 {[%emt 0:02:03]} Nd4 {[%emt 0:01:20]} 12. Qh3 {[%emt 0:02:52]} b5 {[%emt 0:02:04]} 13. Rf2 {[%emt 0:07:56]} d5 14. a3 {[%emt 0:04:45]} Nxb3 {[%emt 0:06:11]} 15. cxb3 {[%emt 0:00:18]} Bd4 16. Be3 {[%emt 0:00:20]} Bxe3 {[%emt 0:00:40]} 17. Qxe3 {[%emt 0:00:12]} d4 {[%emt 0:00:05]} 18. Qh3 {[%emt 0:02:30]} dxc3 {[%emt 0:01:21]} 19. bxc3 {[%emt 0:00:17]} f5 {[%emt 0:03:43]} 20. e5 {[%emt 0:01:22]} Bb7 {[%emt 0:01:44]} 21. Rd1 {[%emt 0:03:50]} Qa5 {[%emt 0:00:13]} 22. Ra2 {[%emt 0:03:48]} Qxc3 {[%emt 0:00:19]} 23. Rb1 {[%emt 0:01:10]} Rad8 {[%emt 0:00:44]} 24. Rd1 {[%emt 0:02:13]} Qxb3 {[%emt 0:00:46]} 0-1

[Event "IIFL Wealth  4th Mumbai Junior U-13"]
[Site "Mumbai"]
[Date "2019.01.01"]
[Round "3"]
[White "Shaurya Dinesh Sawlani"]
[Black "Rushyendra Chowdary Kantipudi"]
[Result "0-1"]
[WhiteElo "1173"]
[BlackElo "1527"]
[Annotator "NA RC"]
[PlyCount "110"]
[EventDate "2018.12.30"]
[EventType "swiss"]
[EventCountry "IND"]
[SourceTitle "playchess.com"]
[Source "ChessBase"]
[SourceQuality "1"]
[TimeControl "40/5400+30:1800+30"]

1. e4 {[%emt 0:00:00]} c5 {[%emt 0:00:07]} 2. Nc3 {[%emt 0:00:05]} Nc6 {[%emt 0:01:05]} 3. f4 {[%emt 0:00:00]} e6 {[%emt 0:00:15]} 4. Bc4 {[%emt 0:00:17]} Nge7 {[%emt 0:00:27]} 5. Nf3 {[%emt 0:00:18]} d5 {[%emt 0:00:06]} 6. exd5 {[%emt 0:00:49]} exd5 {[%emt 0:00:08]} 7. Bb5 {[%emt 0:00:16]} g6 {[%emt 0:00:23]} 8. O-O {[%emt 0:00:15]} Bg7 {[%emt 0:00:06]} 9. d3 {[%emt 0:02:32]} O-O {[%emt 0:08:37]} 10. Bd2 {[%emt 0:00:28]} Nd4 {[%emt 0:00:14]} 11. a3 {[%emt 0:02:47]} Bg4 {[%emt 0:02:08]} 12. Rf2 {[%emt 0:05:17]} Bxf3 {[%emt 0:00:11]} 13. gxf3 {[%emt 0:00:17]} a6 {[%emt 0:00:05]} 14. Ba4 {[%emt 0:00:22]} b5 {[%emt 0:00:04]} 15. Bb3 {[%emt 0:00:06]} Nxb3 {[%emt 0:00:05]} 16. cxb3 {[%emt 0:00:08]} Bd4 {[%emt 0:00:04]} 17. Qe2 {[%emt 0:00:27]} Nf5 {[%emt 0:00:12]} 18. Re1 {[%emt 0:01:16]} Re8 {[%emt 0:04:46]} 19. Qxe8+ {[%emt 0:02:56]} Qxe8 {[%emt 0:00:04]} 20. Rxe8+ {[%emt 0:00:06]} Rxe8 {[%emt 0:00:04]} 21. Nxd5 {[%emt 0:00:12]} Re2 {[%emt 0:00:26]} 22. Be3 {[%emt 0:01:49]} Bxe3 {[%emt 0:00:52]} 23. Nxe3 {[%emt 0:01:16]} Rxe3 {[%emt 0:00:06]} 24. Rc2 {[%emt 0:00:30]} Rxd3 {[%emt 0:00:04]} 25. Rxc5 {[%emt 0:00:10]} Rxb3 {[%emt 0:00:05]} 26. Rc2 {[%emt 0:01:31]} Rxf3 {[%emt 0:00:06]} 27. Rf2 {[%emt 0:00:14]} Rxf2 {[%emt 0:00:11]} 28. Kxf2 {[%emt 0:00:05]} Nd6 {[%emt 0:00:06]} 29. b3 {[%emt 0:00:16]} a5 {[%emt 0:00:38]} 30. Ke3 {[%emt 0:00:21]} a4 {[%emt 0:00:06]} 31. bxa4 {[%emt 0:01:36]} bxa4 {[%emt 0:00:05]} 32. Kd3 {[%emt 0:00:32]} Nb5 {[%emt 0:00:06]} 33. Kc4 {[%emt 0:00:08]} Nxa3+ {[%emt 0:00:04]} 34. Kb4 {[%emt 0:00:06]} Nc2+ {[%emt 0:00:07]} 35. Kxa4 {[%emt 0:00:08]} Nd4 {[%emt 0:00:07]} 36. Kb4 {[%emt 0:00:10]} f5 {[%emt 0:00:09]} 37. Kc4 {[%emt 0:00:25]} Ne2 {[%emt 0:00:06]} 38. Kd3 {[%emt 0:00:28]} Nxf4+ {[%emt 0:00:05]} 39. Ke3 {[%emt 0:00:00]} Ne6 {[%emt 0:00:00]} 40. Kf3 {[%emt 0:00:00]} g5 {[%emt 0:00:00]} 41. h3 {[%emt 0:00:29]} h5 {[%emt 0:00:13]} 42. Kg3 {[%emt 0:00:16]} f4+ {[%emt 0:00:34]} 43. Kf3 {[%emt 0:00:07]} Nd4+ {[%emt 0:00:10]} 44. Kf2 {[%emt 0:00:18]} g4 {[%emt 0:00:06]} 45. hxg4 {[%emt 0:00:05]} hxg4 {[%emt 0:00:06]} 46. Kg2 {[%emt 0:00:06]} Ne2 {[%emt 0:00:15]} 47. Kf2 {[%emt 0:00:15]} f3 48. Kf1 {[%emt 0:00:13]} g3 {[%emt 0:00:13]} 49. Ke1 {[%emt 0:00:10]} g2 {[%emt 0:00:06]} 50. Kf2 {[%emt 0:00:21]} g1=Q+ {[%emt 0:00:04]} 51. Kxf3 {[%emt 0:00:13]} Qd4 {[%emt 0:00:25]} 52. Kg2 {[%emt 0:00:37]} Qf4 {[%emt 0:00:13]} 53. Kh1 {[%emt 0:00:43]} Qf3+ {[%emt 0:00:07]} 54. Kh2 {[%emt 0:00:08]} Qg3+ {[%emt 0:00:03]} 55. Kh1 {[%emt 0:00:14]} Qg1# {[%emt 0:00:04]} 0-1

[Event "IIFL Wealth  4th Mumbai Junior U-13"]
[Site "Mumbai"]
[Date "2019.01.01"]
[Round "3"]
[White "Aarav, Bhavin Mehta"]
[Black "Adireddy Arjun"]
[Result "0-1"]
[WhiteElo "1166"]
[BlackElo "1468"]
[Annotator "NA RC"]
[PlyCount "98"]
[EventDate "2018.12.30"]
[EventType "swiss"]
[EventCountry "IND"]
[SourceTitle "playchess.com"]
[Source "ChessBase"]
[SourceQuality "1"]
[TimeControl "40/5400+30:1800+30"]

1. d4 {[%emt 0:00:00]} d5 {[%emt 0:00:29]} 2. Nf3 {[%emt 0:00:00]} Nf6 {[%emt 0:01:34]} 3. e3 {[%emt 0:00:00]} e6 {[%emt 0:12:12]} 4. Bd3 {[%emt 0:00:00]} Bd6 {[%emt 0:00:14]} 5. Nbd2 {[%emt 0:00:08]} Nbd7 {[%emt 0:02:06]} 6. O-O {[%emt 0:01:35]} O-O {[%emt 0:00:19]} 7. e4 {[%emt 0:01:13]} dxe4 {[%emt 0:01:05]} 8. Nxe4 {[%emt 0:00:08]} Nxe4 {[%emt 0:00:13]} 9. Bxe4 {[%emt 0:00:08]} f5 {[%emt 0:09:32]} 10. Bd3 {[%emt 0:01:54]} h6 {[%emt 0:00:13]} 11. Re1 {[%emt 0:02:20]} Nb6 {[%emt 0:00:36]} 12. c4 {[%emt 0:04:05]} Be7 {[%emt 0:01:43]} 13. Bd2 {[%emt 0:03:31]} g5 {[%emt 0:12:37]} 14. Bc3 {[%emt 0:04:59]} Bf6 {[%emt 0:02:42]} 15. Ne5 {[%emt 0:03:47]} g4 {[%emt 0:12:53]} 16. b3 {[%emt 0:09:46]} Bg5 {[%emt 0:06:10]} 17. Bc2 {[%emt 0:06:21]} Bd7 {[%emt 0:08:02]} 18. Qe2 {[%emt 0:03:29]} Re8 {[%emt 0:00:51]} 19. Rad1 {[%emt 0:02:34]} c6 {[%emt 0:00:53]} 20. Bd2 {[%emt 0:06:55]} Kg7 {[%emt 0:02:08]} 21. Bc3 {[%emt 0:06:52]} Kf8 {[%emt 0:01:28]} 22. Bb4+ {[%emt 0:03:40]} Kg8 {[%emt 0:00:04]} 23. Bd2 {[%emt 0:01:22]} Bxd2 {[%emt 0:00:28]} 24. Qxd2 {[%emt 0:00:49]} Kg7 25. Qc3 {[%emt 0:01:54]} Qf6 {[%emt 0:02:22]} 26. a4 {[%emt 0:04:36]} Rad8 {[%emt 0:01:24]} 27. Bb1 {[%emt 0:03:51]} Bc8 {[%emt 0:03:01]} 28. a5 {[%emt 0:01:41]} Nd7 {[%emt 0:00:03]} 29. Nxd7 {[%emt 0:00:18]} Rxd7 {[%emt 0:00:09]} 30. Rd3 {[%emt 0:04:54]} Red8 {[%emt 0:01:05]} 31. c5 {[%emt 0:04:39]} Rxd4 {[%emt 0:00:15]} 32. Rxd4 {[%emt 0:00:24]} Qxd4 {[%emt 0:00:19]} 33. Qxd4+ {[%emt 0:00:48]} Rxd4 {[%emt 0:00:02]} 34. g3 {[%emt 0:01:02]} Kf6 {[%emt 0:00:04]} 35. Kf1 {[%emt 0:00:21]} e5 {[%emt 0:00:10]} 36. Ke2 {[%emt 0:00:21]} Be6 {[%emt 0:00:04]} 37. Bc2 {[%emt 0:00:29]} Rb4 {[%emt 0:00:03]} 38. Rb1 {[%emt 0:00:09]} e4 {[%emt 0:00:22]} 39. Ke3 {[%emt 0:00:13]} Ke5 {[%emt 0:00:04]} 40. Rb2 {[%emt 0:00:00]} Kd5 {[%emt 0:00:00]} 41. Bd1 {[%emt 0:00:49]} Kxc5 {[%emt 0:00:41]} 42. Bc2 {[%emt 0:00:25]} Kb5 {[%emt 0:00:13]} 43. Ra2 {[%emt 0:00:11]} Bxb3 {[%emt 0:00:08]} 44. Bxb3 {[%emt 0:00:10]} Rxb3+ {[%emt 0:00:07]} 45. Kf4 {[%emt 0:00:09]} Rf3+ {[%emt 0:00:15]} 46. Ke5 {[%emt 0:00:06]} c5 {[%emt 0:00:08]} 47. Kf6 {[%emt 0:00:20]} c4 {[%emt 0:00:09]} 48. Kg6 {[%emt 0:00:05]} c3 {[%emt 0:00:06]} 49. Kxh6 {[%emt 0:00:10]} Kb4 {[%emt 0:00:07]} 0-1

[Event "IIFL Wealth  4th Mumbai Junior U-13"]
[Site "Mumbai"]
[Date "2019.01.01"]
[Round "3"]
[White "Balkawade Om"]
[Black "Varshita Jain"]
[Result "0-1"]
[WhiteElo "1157"]
[BlackElo "1461"]
[Annotator "NA RC"]
[PlyCount "104"]
[EventDate "2018.12.30"]
[EventType "swiss"]
[EventCountry "IND"]
[SourceTitle "playchess.com"]
[Source "ChessBase"]
[SourceQuality "1"]
[TimeControl "40/5400+30:1800+30"]

1. e4 {[%emt 0:00:00]} e5 {[%emt 0:00:00]} 2. Nf3 {[%emt 0:00:00]} Nf6 {[%emt 0:00:00]} 3. Nxe5 {[%emt 0:00:00]} d6 {[%emt 0:00:00]} 4. Nf3 {[%emt 0:00:01]} Nxe4 {[%emt 0:00:00]} 5. Qe2 {[%emt 0:00:29]} Qe7 {[%emt 0:00:00]} 6. d3 {[%emt 0:00:30]} Nf6 {[%emt 0:00:00]} 7. Nc3 {[%emt 0:00:26]} c6 {[%emt 0:00:00]} 8. Qxe7+ {[%emt 0:03:59]} Bxe7 {[%emt 0:00:00]} 9. Be3 {[%emt 0:00:51]} d5 {[%emt 0:00:35]} 10. O-O-O {[%emt 0:00:56]} Bb4 {[%emt 0:01:21]} 11. Re1 {[%emt 0:03:02]} O-O {[%emt 0:00:40]} 12. Bd2 {[%emt 0:01:49]} Ng4 {[%emt 0:05:33]} 13. Nd1 {[%emt 0:02:43]} Bc5 {[%emt 0:06:18]} 14. d4 {[%emt 0:02:55]} Bd6 {[%emt 0:00:24]} 15. h3 {[%emt 0:00:20]} Nf6 {[%emt 0:00:19]} 16. Bd3 {[%emt 0:00:30]} h6 {[%emt 0:01:39]} 17. Nc3 {[%emt 0:01:35]} Be6 {[%emt 0:04:01]} 18. g4 {[%emt 0:02:48]} Nbd7 {[%emt 0:05:03]} 19. g5 {[%emt 0:01:58]} hxg5 {[%emt 0:03:23]} 20. Bxg5 {[%emt 0:01:52]} Bb4 {[%emt 0:06:56]} 21. Reg1 {[%emt 0:02:37]} Rfe8 {[%emt 0:09:03]} 22. Bh6 {[%emt 0:07:12]} Bf8 {[%emt 0:01:57]} 23. Rg2 {[%emt 0:04:18]} g6 {[%emt 0:03:01]} 24. Bxf8 {[%emt 0:02:41]} Kxf8 {[%emt 0:06:01]} 25. Ng5 {[%emt 0:02:27]} Nh5 {[%emt 0:02:48]} 26. Re1 {[%emt 0:03:47]} Nf4 {[%emt 0:09:51]} 27. Nxe6+ {[%emt 0:02:35]} Nxe6 {[%emt 0:00:40]} 28. Ne2 {[%emt 0:04:04]} Nxd4 {[%emt 0:01:03]} 29. Rg3 {[%emt 0:02:14]} Nc5 {[%emt 0:06:39]} 30. Kd2 Nxe2 {[%emt 0:02:33]} 31. Rxe2 {[%emt 0:01:47]} Rxe2+ {[%emt 0:00:23]} 32. Kxe2 {[%emt 0:00:15]} Re8+ {[%emt 0:01:30]} 33. Kd2 {[%emt 0:00:39]} Re5 {[%emt 0:04:41]} 34. Rf3 {[%emt 0:04:15]} Kg7 {[%emt 0:03:40]} 35. b4 {[%emt 0:01:59]} Ne4+ {[%emt 0:01:16]} 36. Bxe4 {[%emt 0:00:50]} dxe4 {[%emt 0:00:21]} 37. Re3 {[%emt 0:01:45]} g5 {[%emt 0:02:21]} 38. Kc3 {[%emt 0:01:34]} f5 {[%emt 0:01:55]} 39. f3 {[%emt 0:01:52]} Kf6 {[%emt 0:01:34]} 40. fxe4 {[%emt 0:00:00]} Rxe4 {[%emt 0:00:00]} 41. Rd3 {[%emt 0:05:32]} f4 {[%emt 0:05:37]} 42. a3 {[%emt 0:00:32]} Ke5 {[%emt 0:01:23]} 43. Kd2 {[%emt 0:00:46]} Rd4 {[%emt 0:00:10]} 44. Rxd4 {[%emt 0:01:39]} Kxd4 {[%emt 0:00:01]} 45. c3+ {[%emt 0:01:29]} Kc4 {[%emt 0:00:25]} 46. Kc2 {[%emt 0:00:19]} f3 {[%emt 0:00:09]} 47. Kd2 {[%emt 0:00:13]} f2 {[%emt 0:07:44]} 48. Ke2 {[%emt 0:01:50]} f1=Q+ {[%emt 0:00:08]} 49. Kxf1 {[%emt 0:00:07]} Kxc3 {[%emt 0:00:08]} 50. Kg2 {[%emt 0:00:06]} Kb3 {[%emt 0:00:08]} 51. Kg3 {[%emt 0:00:29]} Kxa3 {[%emt 0:00:05]} 52. Kg4 {[%emt 0:00:08]} Kxb4 {[%emt 0:00:05]} 0-1

[Event "IIFL Wealth  4th Mumbai Junior U-13"]
[Site "Mumbai"]
[Date "2019.01.01"]
[Round "3"]
[White "Ks Saikrishna"]
[Black "Laddha, Yash Jayesh"]
[Result "0-1"]
[WhiteElo "1138"]
[BlackElo "1449"]
[Annotator "NA"]
[PlyCount "152"]
[EventDate "2018.12.30"]
[EventType "swiss"]
[EventCountry "IND"]
[SourceTitle "playchess.com"]
[Source "ChessBase"]
[SourceQuality "1"]
[TimeControl "40/5400+30:1800+30"]

1. e4 {[%emt 0:00:00]} c5 {[%emt 0:00:00]} 2. Nf3 {[%emt 0:00:00]} d6 {[%emt 0:00:00]} 3. d4 {[%emt 0:00:00]} cxd4 {[%emt 0:00:00]} 4. Nxd4 {[%emt 0:00:01]} Nf6 {[%emt 0:00:00]} 5. Nc3 {[%emt 0:00:41]} g6 {[%emt 0:00:03]} 6. Be3 {[%emt 0:00:08]} Bg7 {[%emt 0:00:05]} 7. f3 {[%emt 0:00:20]} Nc6 {[%emt 0:00:43]} 8. Qd2 {[%emt 0:09:40]} O-O {[%emt 0:01:26]} 9. Nxc6 {[%emt 0:00:49]} bxc6 {[%emt 0:00:08]} 10. g4 {[%emt 0:00:22]} Be6 {[%emt 0:10:29]} 11. Be2 {[%emt 0:07:47]} Rb8 {[%emt 0:06:53]} 12. Na4 {[%emt 0:19:12]} c5 {[%emt 0:06:38]} 13. c4 {[%emt 0:03:55]} Bd7 {[%emt 0:06:04]} 14. Nc3 {[%emt 0:01:38]} Qb6 {[%emt 0:02:18]} 15. O-O-O {[%emt 0:09:36]} Ne8 {[%emt 0:08:25]} 16. h4 {[%emt 0:01:40]} Qa5 {[%emt 0:12:31]} 17. h5 {[%emt 0:14:02]} Bxc3 {[%emt 0:06:44]} 18. Qxc3 {[%emt 0:05:02]} Qxa2 {[%emt 0:13:55]} 19. hxg6 {[%emt 0:08:08]} fxg6 {[%emt 0:03:05]} 20. Rxh7 {[%emt 0:04:39]} Qa1+ {[%emt 0:01:53]} 21. Kc2 {[%emt 0:01:17]} Qxb2+ {[%emt 0:00:41]} 22. Qxb2 {[%emt 0:00:43]} Rxb2+ {[%emt 0:00:05]} 23. Kxb2 {[%emt 0:00:09]} Kxh7 {[%emt 0:00:07]} 24. Ra1 {[%emt 0:00:35]} Be6 {[%emt 0:09:05]} 25. Rxa7 {[%emt 0:00:55]} Rf7 {[%emt 0:01:58]} 26. Bg5 {[%emt 0:00:44]} Nf6 {[%emt 0:00:15]} 27. Bxf6 {[%emt 0:02:12]} exf6 {[%emt 0:00:09]} 28. Rxf7+ {[%emt 0:00:10]} Bxf7 {[%emt 0:00:07]} 29. Kb3 {[%emt 0:00:07]} Be8 {[%emt 0:00:33]} 30. Kc3 {[%emt 0:00:20]} Kg7 {[%emt 0:00:39]} 31. f4 {[%emt 0:00:38]} Kf7 {[%emt 0:02:37]} 32. Kd3 {[%emt 0:00:28]} Ke6 {[%emt 0:01:13]} 33. f5+ {[%emt 0:01:10]} Ke5 {[%emt 0:01:22]} 34. Ke3 {[%emt 0:00:41]} g5 {[%emt 0:00:34]} 35. Bd1 {[%emt 0:00:33]} Bd7 {[%emt 0:00:35]} 36. Bc2 {[%emt 0:00:53]} Bc6 {[%emt 0:00:05]} 37. Bd1 {[%emt 0:03:27]} Bxe4 {[%emt 0:00:20]} 38. Bb3 {[%emt 0:00:32]} Bg2 {[%emt 0:00:29]} 39. Kf2 {[%emt 0:01:00]} Bh3 {[%emt 0:01:30]} 40. Kg3 {[%emt 0:00:00]} Bf1 {[%emt 0:00:00]} 41. Kf2 {[%emt 0:00:19]} Bd3 {[%emt 0:00:23]} 42. Ke3 {[%emt 0:00:08]} Bb1 {[%emt 0:00:38]} 43. Bd1 {[%emt 0:00:22]} Ba2 {[%emt 0:00:19]} 44. Be2 {[%emt 0:00:01]} d5 {[%emt 0:00:22]} 45. cxd5 {[%emt 0:00:19]} Kxd5 {[%emt 0:00:31]} 46. Bf3+ {[%emt 0:00:24]} Ke5 {[%emt 0:01:21]} 47. Bd1 {[%emt 0:00:34]} Bb1 {[%emt 0:00:25]} 48. Be2 {[%emt 0:00:14]} Be4 {[%emt 0:01:08]} 49. Bc4 {[%emt 0:00:14]} Bd5 {[%emt 0:00:14]} 50. Bd3 {[%emt 0:00:15]} c4 {[%emt 0:00:20]} 51. Bb1 {[%emt 0:00:46]} c3 {[%emt 0:00:54]} 52. Bc2 {[%emt 0:01:18]} Bc4 {[%emt 0:00:23]} 53. Bd1 {[%emt 0:00:11]} Kd5 {[%emt 0:00:18]} 54. Bc2 {[%emt 0:00:20]} Kc5 {[%emt 0:00:10]} 55. Bd1 {[%emt 0:01:39]} Kb4 {[%emt 0:00:29]} 56. Kd4 {[%emt 0:01:24]} Bb3 {[%emt 0:00:17]} 57. Bxb3 {[%emt 0:00:04]} Kxb3 {[%emt 0:00:05]} 58. Kd5 {[%emt 0:00:04]} c2 {[%emt 0:00:06]} 59. Ke6 {[%emt 0:00:01]} c1=Q {[%emt 0:00:09]} 60. Kxf6 {[%emt 0:00:05]} Qf4 {[%emt 0:00:09]} 61. Kg6 {[%emt 0:01:13]} Qxg4 {[%emt 0:00:19]} 62. f6 {[%emt 0:00:12]} Qf4 {[%emt 0:00:06]} 63. f7 {[%emt 0:00:04]} g4 {[%emt 0:00:03]} 64. Kg7 {[%emt 0:00:36]} g3 {[%emt 0:00:05]} 65. f8=Q Qxf8+ 66. Kxf8 {[%emt 0:00:17]} g2 {[%emt 0:00:07]} 67. Ke7 {[%emt 0:00:10]} g1=Q {[%emt 0:00:08]} 68. Ke6 {[%emt 0:00:11]} Qg5 {[%emt 0:00:03]} 69. Kd6 {[%emt 0:00:07]} Qf5 {[%emt 0:00:08]} 70. Ke7 {[%emt 0:00:05]} Qg6 {[%emt 0:00:05]} 71. Kd7 {[%emt 0:00:09]} Qf6 {[%emt 0:00:09]} 72. Ke8 {[%emt 0:00:09]} Qg7 {[%emt 0:00:10]} 73. Kd8 {[%emt 0:00:03]} Kc4 {[%emt 0:00:05]} 74. Ke8 {[%emt 0:00:06]} Kd5 {[%emt 0:00:06]} 75. Kd8 {[%emt 0:00:06]} Kd6 {[%emt 0:00:06]} 76. Ke8 {[%emt 0:00:02]} Qe7# {[%emt 0:00:05]} 0-1